Normal view MARC view

Entry Nombre corporativo

Number of records used in: 1

001 - NÚMERO DE CONTROL

  • campo de control: 235515

003 - IDENTIFICADOR DE NÚMERO DE CONTROL

  • campo de control: SpMaBN

005 - FECHA Y HORA DE LA ÚLTIMA TRANSACCIÓN

  • campo de control: 20240308164901.0

008 - ELEMENTOS DE DATO DE LONGITUD-FIJA

  • campo de control de longitud fija: 100705n azznnaabn a ana ##

024 7# - IDENTIFICADOR DE OTROS ESTÁNDARES

  • Número estándar o código: http://viaf.org/viaf/157740053
  • Fuente: viaf

040 ## - FUENTE DE CATALOGACIÓN

  • Centro catalogador/agencia de origen: SpMaBN
  • Lengua de catalogación: spa
  • Centro/agencia transcriptor: SpMaBN
  • Normas de descripción: rdc
  • Convención/Normas de encabezamiento de materia/tesauro: embne

110 2# - ENCABEZAMIENTO-NOMBRE DE ENTIDAD CORPORATIVA

  • Nombre de entidad corporativa o nombre de jurisdicción como elemento de entrada: Reportajes Gráficos Vidal

400 1# - TRAZADO DE VÉASE--NOMBRE DE PERSONA

  • Nombre de persona: Vidal Romero, Martín,
  • Fechas asociadas al nombre: 1872-1944

500 1# - TRAZADO DE VÉASE ADEMÁS--NOMBRE DE PERSONA

  • Nombre de persona: Vidal Corella, Martín
  • Fechas asociadas al nombre: 1895-1976

500 1# - TRAZADO DE VÉASE ADEMÁS--NOMBRE DE PERSONA

  • Nombre de persona: Vidal Corella, Vicente
  • Fechas asociadas al nombre: 1905-1992

500 1# - TRAZADO DE VÉASE ADEMÁS--NOMBRE DE PERSONA

  • Nombre de persona: Vidal, Luis
  • Fechas asociadas al nombre: 1900-1959

510 2# - TRAZADO DE VÉASE ADEMÁS--NOMBRE DE ENTIDAD CORPORATIVA

  • Nombre de entidad corporativa o nombre de jurisdicción como elemento de entrada: Fotos Vidal Corella

670 ## - FUENTE DE DATOS ENCONTRADOS

  • Cita de la fuente: Historia de la fotografía valenciana, 1990
  • Información encontrada: p. 248-252 (Saga de los Vidal. El patriarca y fundador es Martín Vidal Romero. En un principio trabajan en el estudio familiar sus tres hijos Martín, Vicente y Luis Vidal Corella. Martín y Vicente tendrán su propio estudio a partir de 1935 (Fotos Vidal Corella), mientras Luis Vidal Corella continúa en el estudio del padre en la C/ Garrigues. Vivieron y tuvieron el estudio en la finca de la calle Garrigues. La tercera generación fue Luis Vidal Vidal)

670 ## - FUENTE DE DATOS ENCONTRADOS

  • Cita de la fuente: Fondo fotográfico de la Guerra Civil Española
  • Información encontrada: GC-CAJA/111/20/37 (Sello en tinta al verso: "REPORTAJES GRAFICOS / VIDAL / GARRIGUES, 13, 2º / TELEFONO 10196 / VALENCIA") ;
  • Información encontrada: GC-CARP/246/3/10 (Sello en tinta al verso:"REPORTAJES GRÁFICOS / VIDAL / Garrigues, núm. 11, 2.º / VALENCIA")